Govt. of
Madhya Pradesh

General Knowledge for all competitive examinations (Record no. 32487)

MARC details
000 -LEADER
fixed length control field 003430000a22001450004500
003 - CONTROL NUMBER IDENTIFIER
control field MACL
040 ## - CATALOGING SOURCE
Original cataloging agency MACL
090 ## - LOCALLY ASSIGNED LC-TYPE CALL NUMBER (OCLC); LOCAL CALL NUMBER (RLIN)
-- 32823
-- 32821
100 ## - MAIN ENTRY--PERSONAL NAME
Personal name Puri, G K
245 ## - TITLE STATEMENT
Title General Knowledge for all competitive examinations
260 ## - PUBLICATION, DISTRIBUTION, ETC. (IMPRINT)
Name of publisher, distributor, etc. IIMS Publications
Date of publication, distribution, etc. 2002
650 ## - SUBJECT ADDED ENTRY--TOPICAL TERM
Topical term or geographic name as entry element Generalities
942 ## - ADDED ENTRY ELEMENTS (KOHA)
Koha item type Library Membar
Call number prefix 001/PUR
951 ## - EQUIVALENCE OR CROSS-REFERENCE--GEOGRAPHIC NAME/AREA NAME [OBSOLETE] [CAN/MARC only]
-- 001/PUR BOOK

No items available.